000 00538nam a22001817a 4500
003 CEME
005 20210628204157.0
008 210105b xxu||||| |||| 00| 0 eng d
020 _a9788177584165
040 _cceme
082 _a670.2854 GRO
100 _aGroover, Mikel P, Zimmers, Emory W
_969133
245 _aCad-cam computer aided design and manufacturing
260 _aNEW DELHI
_bPEARSON EDUCATION
_c2011
300 _a511P
650 _aCAD.CAM.COMPUTER-AIDED DESIGN. COMPUTER-AIDED MANUFACTURING.
_969134
942 _cBK
_2ddc
999 _c576530
_d576530